[Event "Tenerife-chT Segunda 1617"]
[Site "Tenerife"]
[Date "2017.03.18"]
[Round "9.1"]
[White "Marin Dorta, Alejandro"]
[Black "De Leon Rodriguez, Jose Carlos"]
[Result "1-0"]
[WhiteElo "1511"]
[BlackElo "1653"]
[PlyCount "106"]
[EventDate "2016.12.10"]
[EventType "team-tourn"]
[EventRounds "15"]
[EventCountry "ESP"]
[SourceTitle "EXT 2018"]
[Source "ChessBase"]
[SourceDate "2017.10.13"]
[SourceVersion "1"]
[SourceVersionDate "2017.10.13"]
[SourceQuality "1"]
[WhiteTeam "Casa de Venezuela Ebano III"]
[BlackTeam "Al Shah Mat Los Realejos IV"]
[WhiteTeamCountry "ESP"]
[BlackTeamCountry "ESP"]

1. e4 g6 2. d4 d6 3. Nf3 Bg7 4. Nc3 Nf6 5. Bc4 0-0 6. h3 c6 7. 0-0 Qc7 8. a4 Nbd7 9. Bg5 h6 10. Bh4 e5 11. Qd2 Kh7 12. Rfe1 b6 13. Rad1 Bb7 14. Bb3 Rad8 15. d5 c5 16. Nb5 Qb8 17. Bc4 a6 18. Nc3 Qc7 19. Qd3 Ra8 20. Rb1 Rfc8 21. b3 Nh5 22. Qf1 Bh8 23. Nd2 Rf8 24. Be2 Ng7 25. Nc4 f5 26. Be7 Rf7 27. Bxd6 Qd8 28. Nxe5 Nxe5 29. Bxe5 Qe7 30. exf5 Rxf5 31. Bg3 Qf6 32. Ne4 Qf8 33. c4 Ne6 34. Nd6 Be5 35. Nxf5 Nf4 36. Bxf4 Bxf4 37. Ne3 Qd6 38. Bf3 Rf8 39. Qd3 Bc8 40. Qe4 Bd7 41. Ng4 Rf7 42. Qe2 h5 43. Ne3 Re7 44. Qd3 Kh6 45. Qf1 Rf7 46. g3 Be5 47. Qg2 Bd4 48. g4 Qf4 49. g5+ Kh7 50. Qg3 Qxg3+ 51. fxg3 Rxf3 52. Kg2 Rxe3 53. Rxe3 Bxe3 1-0

[Event "Tenerife-chT-A2"]
[Site "Tenerife"]
[Date "2013.05.04"]
[Round "13.2"]
[White "De Leon Rodriguez, Jose Carlos"]
[Black "Garcia Cruz, Francisco"]
[Result "1-0"]
[WhiteElo "1639"]
[BlackElo "1588"]
[PlyCount "95"]
[EventDate "2013.01.19"]
[EventType "team-tourn"]
[EventRounds "13"]
[EventCountry "ESP"]
[SourceTitle "EXT 2014"]
[Source "ChessBase"]
[SourceDate "2013.11.20"]
[SourceVersion "1"]
[SourceVersionDate "2013.11.20"]
[SourceQuality "1"]
[WhiteTeam "Al Shah Mat Los Realejos"]
[BlackTeam "Circulo de Amistad XII Enero II"]
[WhiteTeamCountry "ESP"]
[BlackTeamCountry "ESP"]

1. e4 c5 2. Nf3 Nc6 3. c3 d6 4. Bb5 a6 5. Ba4 b5 6. Bc2 Bg4 7. d3 Nf6 8. h3 Bh5 9. Bf4 e5 10. Bh2 Be7 11. Nbd2 0-0 12. Nf1 Nd7 13. Ng3 Bg6 14. 0-0 Kh8 15. Qd2 Rb8 16. Rad1 b4 17. Ba4 bxc3 18. bxc3 Qc7 19. d4 Nb6 20. Bxc6 Qxc6 21. dxc5 Qxc5 22. Rb1 Na4 23. Rb3 Rxb3 24. axb3 Nb6 25. Ra1 a5 26. b4 axb4 27. cxb4 Qc6 28. Qd3 Rc8 29. Nd2 d5 30. f3 Bxb4 31. Nf5 Bxf5 32. exf5 f6 33. Kh1 h6 34. Bg1 d4 35. Ne4 Qc4 36. Qb1 Nd5 37. Ra4 Qc2 38. Rxb4 Nxb4 39. Qxb4 d3 40. Be3 Qd1+ 41. Kh2 Qe2 42. Bd2 h5 43. Qe7 Rg8 44. Qf7 Rf8 45. Qxf8+ Kh7 46. Qf7 h4 47. Nxf6+ Kh8 48. Qh5# 1-0